000 01781nam a2200421 i 4500
003 DO-SdBNP
005 20251127124419.0
007 ta
008 230413k2005 dr a|||gr|||| 001 udspa d
020 _a9993445037
040 _aDO-SdBNP
_bspa
_cBNPHU
_erda
041 _aspa
082 4 _axxx
_bG216r 2005
_222
100 1 _aGarcía Molina, Bartolo,
_eautor
_4aut.
_96
245 1 0 _aRedacción :
_bmétodos de organización y expresión del pensamiento /
_cBartolo García Molina ; revisión y corrección, Míriam Gutiérrez, Ramón Morel Félix, Ruth Cuevas ; prólogo, Altagracia Pou
250 _aOctava edición
264 4 _aSanto Domingo :
_bEditorial Surco,
_c©2005.
300 _a447 páginas :
_bIlustraciones ;
_c22 cm.
336 _atexto
_btxt
_2rdacontent
337 _asin medición
_bn
_2rdamedia
338 _avolumen
_bnc
_2rdacarrier
500 _aIncluye datos biográficos del autor en las solapas
504 _aBibliografía : páginas 441 - 447
590 _aInventariado 2023 / MF
648 _zTema(s): Redacción de escritos técnicos | Gramática comparada y general | Español -- Ejercicios de redacción | Arte de escribir -- Manuales | Linguística | Lectura
_988835
650 4 _aRedacción de escritos técnicos
650 4 _aEspañol
_xEjercicios de redacción
_9522
650 4 _aGramática comparada y general
_91601
650 4 _aArte de escribir
_xManuales
_919637
650 4 _aLinguística
650 4 _aLectura
_9408
700 1 _aGutiérrez, Míriam
_ecorrector
_4corr.
_983248
700 1 _aMorel Félix, Ramón,
_ecorrector
_4corr.
_9410
700 1 _aCuevas, Ruth,
_ecorrector
_4corr.
_91605
700 1 _aPou, Altagracia,
_eprologuista
_4pr.
_913241
910 _aValidado. Control de calidad MFF
942 _2ddc
_cLBS1
999 _c53227
_d53227